Are Wineries in Slovakia Profitable?

Zisk je meradlom úspešnosti podnikov, kvantifikuje sa z rozdielu medzi výnosmi a nákladmi. Plní viacero funkcií, či už distribučné, kumulatívne, motivačné. Na jej vznik a vývoj vplýva množstvo faktorov. Zisk predstavuje interný zdroj financovania podnikateľskej činnosti. Hlavným cieľom príspevku je...

Full description

Saved in:
Bibliographic Details
Main Author: Ladvenicová, Jana
Other Authors: Čeryová, Dominika
Format: Book Chapter
Language:English
Subjects:
Tags: Add Tag
No Tags, Be the first to tag this record!

MARC

LEADER 00000naa a2200000 4500
001 0304785
005 20241024091416.9
041 0 |a eng 
044 |a SK 
245 1 0 |a Are Wineries in Slovakia Profitable?  |c Jana Ladvenicová, Dominika Čeryová 
520 |a Zisk je meradlom úspešnosti podnikov, kvantifikuje sa z rozdielu medzi výnosmi a nákladmi. Plní viacero funkcií, či už distribučné, kumulatívne, motivačné. Na jej vznik a vývoj vplýva množstvo faktorov. Zisk predstavuje interný zdroj financovania podnikateľskej činnosti. Hlavným cieľom príspevku je zhodnotiť tvorbu a vývoj zisku alebo straty a jej formy vo vybraných vinárskych závodoch na Slovensku. Na Slovensku má vinárstvo dlhoročnú tradíciu. Príspevok bol zameraný na hodnotenie nákladov, výnosov ako dvoch dôležitých faktorov ovplyvňujúcich tvorbu zisku alebo straty. Zisk/strata sa premietla do kvantifikácie a analýzy ziskovosti ukazovateľa, ktorý sa označuje ako ziskovosť a ukazovateľa návratnosti. Na základe výsledkov výpočtov jednotlivých ukazovateľov možno konštatovať, že súbor 120 vinárstiev vykázal zisk, čo pozitívne ovplyvnilo hodnoty ukazovateľov rentability. Vinárske podniky vykázali stratu len z finančnej oblasti. 
610 2 0 |a Slovensko 
610 2 0 |a ukazovatele 
610 2 0 |a vinárne 
610 2 0 |a podnik 
610 2 0 |a zisk 
610 2 0 |a strata 
610 2 0 |a vývoj 
100 1 |a Ladvenicová, Jana 
700 1 |a Čeryová, Dominika